| 000 | 01569cad a2200265 4500 | ||
|---|---|---|---|
| 001 | L158658 | ||
| 008 | 100215n2013 000 0 eng u | ||
| 020 | _a9781783210305 | ||
| 035 | _a(Sirsi) u158658 | ||
| 041 | _aeng | ||
| 100 | 1 | _aRuiz, Pedro Pina | |
| 111 | 2 |
_aConstruction and Building Research Conference _cIIT Delhi, New Delhi _d10-12 September 2013 |
|
| 245 | 0 | 0 |
_aApplication of a building cost estimation model to the appraisal of the churches damaged by earthquakes in Lorca (Spain) _h[electronic resource] |
| 260 |
_aLondon _bRICS _c2013 |
||
| 490 | 0 |
_aCOBRA _v2013 |
|
| 520 | _aA paper presented at the COBRA Conference in New Delhi on 10-12 September 2013. The objective of this paper is the development of a building cost estimation model whose purpose is to quickly and precisely evaluate rebuilding costs for historic heritage buildings affected by catastrophic events. Specifically, this study will be applied to the monumental buildings owned by the Catholic Church that were affected by two earthquakes on 11 May, 2011 in the town of Lorca. Proposes a calculation model that can be applied to other emergency scenarios for a quick estimation of the construction costs needed to rebuild historic heritage buildings as effected by catastrophic events. | ||
| 650 | 2 | 4 | _aCONSTRUCTION AND BUILDING RESEARCH CONFERENCE (COBRA) |
| 650 | 2 | 4 | _aCONSTRUCTION COSTS |
| 650 | 2 | 4 | _aEARTHQUAKES |
| 651 | 4 | _aSpain | |
| 690 |
_aQuantity surveying _96263 |
||
| 700 | 1 | _aErviti, Federico Garcia | |
| 700 | 1 | _aPacheco, Gema María Ramírez | |
| 942 | _n0 | ||
| 999 |
_c115437 _d115437 |
||